The technology of teaching

Αποθηκεύτηκε σε:
Λεπτομέρειες βιβλιογραφικής εγγραφής
Κύριος συγγραφέας: Skinner, B. F. (Burhus Frederic) 1904-
Μορφή: Βιβλίο
Γλώσσα:English
Δημοσίευση: Englewood Cliffs, N.J. : Prentice-Hall, 1968
Θέματα:
Ετικέτες: Προσθήκη ετικέτας
Δεν υπάρχουν, Καταχωρήστε ετικέτα πρώτοι!

MARC

LEADER 00000nam a2200000 i 4500
001 1/21795
008 960712s1968 eng d
020 |a 0-13-902163-9 
035 |a 1987  |c Αγορά  |l 10036396 
040 |a GR-MY-UA  |b gre  |e aacr 
041 0 |a eng 
082 0 |a 371.102 
100 1 |a Skinner, B. F.  |q (Burhus Frederic)  |d 1904- 
245 1 4 |a The technology of teaching /  |c B.F. Skinner 
260 |a Englewood Cliffs, N.J. :   |b Prentice-Hall,   |c 1968 
300 |a 271 p. 
650 0 0 |a Teaching. 
650 0 0 |a Teaching machines. 
650 0 0 |a Learning, Psychology of. 
852 |a INST  |b RHODES  |e 19960712  |h 371.102 SKI  |p 005400004191  |q 005400004191  |t BK  |y 0 
909 |a Ρ  |b 008105  |c 1987